LEADER 00922nam0 2200277 i 450 001 996533767503316 005 20230619102554.0 010 $a978-88-6709-545-2 100 $a20210303d2021----||||0itac50 ba 101 $aita 102 $aIT 200 1 $aCura educativa, relazione d'aiuto e inclusione$ele categorie fondative della pedagogia speciale nelle professionalità educative$fPatrizia Gaspari 210 1 $aRoma$cAnicia$d2021 215 $a237 p.$d24 cm 225 2 $aPedagogia e didattica inclusive$v46 410 0$aPedagogia e didattica inclusive$v46 606 0 $aDisabili [e] Disadattati$xEducazione$2BNCF 676 $a371.9 700 1$aGASPARI,$bPatrizia$0527421 801 0$aIT$bcba$bcba$gREICAT 912 $a996533767503316 951 $aII.4. 4638$b284285 L.M.$cII.4.$d543803 959 $aBK 969 $aUMA 996 $aCura educativa, relazione d'aiuto e inclusione$93383348 997 $aUNISA